Open Data Biblioteca Nacional de Portugal


República Portuguesa: Ministério da Cultura
Biblioteca Nacional de Portugal

Catálogo da BNP: acesso por Identificadores Unívocos
Registos Bibliográficos associados ao registo de autoridade

Etiqueta de registo: 00815cam 02200241 04500
001 1844958
003 http://id.bnportugal.gov.pt/bib/catbnp/1844958
021 ## $aPT$b359019/13
100 ## $a20130722d2013 m y0pory01030103ba
101 0# $apor
102 ## $aPT
105 ## $aa b 000yy
106 ## $ar
200 1# $aJosé Rodrigues$eanos 60 - anos 70$edesenho e escultura$ftextos Amândio Secca, Laura Castro$gfot. Filipe Braga... [et al.]$gdesign Humberto Nelson$gorg. Árvore Cooperativa de Actividades Artísticas
210 #9 $aPorto$cÁrvore - Cooperativa de Actividades Artísticas,$d2013
215 ## $a58, [6] p.$cil.$d23 cm
300 ## $aComemorações dos 50 anos da Árvore
675 ## $a7.038.5Rodrigues, José(083.82)$vBN$zpor$31460346
675 ## $a061.4$vBN$zpor$3288771
702 #1 $aSeca,$bAmândio,$f1925-$4070$386563
702 #1 $aCastro,$bLaura,$f1963-$4070$3120155
702 #1 $aNelson,$bHumberto$4440$331823
702 #1 $aBraga,$bFilipe$4600$3984696
712 02 $aÁrvore - Cooperativa de Actividades Artísticas$4273$31910724
801 #0 $aPT$bBN$gRPC
856 41 $uhttp://rnod.bnportugal.gov.pt/ImagesBN/winlibimg.aspx?skey=&doc=1844958&img=29385&save=true
900 ## $aBIBNAC$d20130821
966 ## $lBN$mFGMON$sB.A. 36425 V.$x1
966 ## $lBN$mFGMON$sB.A. 36425 V.-D$x1

Etiqueta de registo: 00815cam 02200241 04500
001 1874139
003 http://id.bnportugal.gov.pt/bib/catbnp/1874139
021 ## $aPT$b370515/14
100 ## $a20140523d2014 m y0pory01030103ba
101 0# $apor
102 ## $aPT
105 ## $aa b 000yy
106 ## $ar
200 1# $aÂngelo de Sousa$e64-FE-66$fcomis. Laura Soutinho, Miguel de Sousa$ftextos Comissão Executiva da Árvore, Emília Pinto de Almeida, João Pinharanda$gfot. Câmara Municipal de Matosinhos... [et al.]$gorg. Árvore Cooperativa de Actividades Artísticas
210 #9 $aPorto$cÁrvore - Cooperativa de Actividades Artísticas,$d2014
215 ## $a59 p.$cil.$d22 x 23 cm
305 ## $aEd. Comemorativa dos 50 anos da Árvore
675 ## $a75Sousa, Ângelo de(083.82)$vBN$zpor$31108733
675 ## $a061.4$vBN$zpor$3288771
702 #1 $aSoutinho,$bLaura$4273$3145328
702 #1 $94$aSousa,$bMiguel de$4273$31578366
702 #1 $aAlmeida,$bEmília Pinto de$4070$31408892
702 #1 $aPinharanda,$bJoão,$f1957-$4070$366560
712 02 $aÁrvore - Cooperativa de Actividades Artísticas$4273$31910724
712 01 $aMatosinhos.$bCâmara Municipal$4600$38241
801 #0 $aPT$bBN$gRPC
856 41 $uhttp://rnod.bnportugal.gov.pt/ImagesBN/winlibimg.aspx?skey=&doc=1874139&img=43822&save=true
900 ## $aBIBNAC$d20140627
966 ## $lBN$mFGMON$sB.A. 37475 V.$x1
966 ## $lBN$mFGMON$sB.A. 37475 V.-D$x1

Etiqueta de registo: 00254nkm 2200109 450
001 2161506
003 http://id.bnportugal.gov.pt/bib/catbnp/2161506
100 ## $a20240319f1978 am y0pory0103 ba
101 0# $apor
102 ## $aPT
200 1# $a2º Aniversário por uma cultura democrática, Abril Constituição, 2 a 9 de abril$bVisual gráfico]$fArvore - Cooperativa de Actividades Artísticas... [et al.]
210 #9 $a[Porto$cArvore,$d1978]
215 ## $a1 cartaz$ccolor.$d77x51 cm
306 ## $aDatação atribuída em conformidade com as caraterísticas formais do documento, conjugada com a referência externa mencionada
317 ## $aColeção Madeira Luís
321 ## $ahttps://pt.wikipedia.org/wiki/Constitui%C3%A7%C3%A3o_portuguesa_de_1976 [Consult. 2024/03/19]
675 ## $a342.4(469.121)"197"(084.5)$vBN$zpor$31910744
675 ## $a766(=1:469)"197"(084.5)$vBN$zpor$31270858
710 02 $aÁrvore - Cooperativa de Actividades Artísticas$31910724
801 #0 $aPT$bBN$gRPC
966 ## $lBN$mICONOG$pFrancisco Madeira Luís$sCT. 6440 R.$x3
971 ## $cmferro$d20240319

Etiqueta de registo: 00254nam 2200025 450
001 2171717
003 http://id.bnportugal.gov.pt/bib/catbnp/2171717
010 ## $a978-972-9089-67-1
021 ## $aPT$b531006/24
100 ## $a20240704d2024 m a0pory01030103ba
101 0# $apor
102 ## $aPT
105 ## $aa b 000yy
106 ## $ar
200 1# $a A arte do conflito$fcoord. José Emídio, Susana Bravo$gorg. Árvore - Cooperativa de Actividades Artísticas$gtextos José Emídio, José Igreja Matos, Isabel Ponce de Leão$gfot. Eduardo Pimenta, Filipe Braga, Hugo de Almeida
210 #9 $aPorto$cTribunal da Relação do Porto,$d2024
215 ## $a65, [3] p.$cil.$d30 cm
675 ## $a73/75A/Z(=1:469)"19/20"(083.82)$vBN$zpor$31379483
702 #1 $aEmídio,$bJosé,$f1956-$4340$356942
702 #1 $aBravo,$bSusana,$f1960-$4340$31849347
702 #1 $aMatos,$bJosé Igreja$4070$31461513
702 #1 $aLeão,$bIsabel Vaz Ponce de,$f1953-$4070$3925962
702 #1 $92$aPimenta,$bEduardo$4600$31533238
702 #1 $aBraga,$bFilipe$4600$3984696
702 #1 $92$aAlmeida,$bHugo$4600$31315371
712 02 $aÁrvore - Cooperativa de Actividades Artísticas$4340$31910724
801 #0 $aPT$bBN$gRPC
856 41 $uhttp://rnod.bnportugal.gov.pt/ImagesBN/winlibimg.aspx?skey=&doc=2171717&img=196030&save=true
900 ## $aBIBNAC$d20240821
966 ## $lBN$mFGMON$sB.A. 51365 V.$x1
966 ## $lBN$mFGMON$sB.A. 51365 V.-D$x1
971 ## $casantos$d20240704
972 ## $e0$z0$d20240821$vasantos
973 ## $ctrodrigues$d20240717

Etiqueta de registo: 00254nam 2200025 450
001 2183691
003 http://id.bnportugal.gov.pt/bib/catbnp/2183691
010 ## $a978-972-9089-64-0
021 ## $aPT$b526107/24
100 ## $a20240913d2024 m y0pory01030103ba
101 0# $apor
102 ## $aPT
105 ## $aa b 000yy
106 ## $ar
200 1# $aColeção Cooperativa Árvore$fcoord. Fátima Luz$gcomissário, textos José Emídio$gtextos Isabel Ponce de Leão, Maria Helena Marques Pinto da Lapa$gcréditos fot. Tiago Reis, Hugo Almeida
210 #9 $aSabrosa$cEspaço Miguel Torga,$d2024
215 ## $a39 p.$cil.$d25 cm
675 ## $a741/75A/Z"19/20"(083.82)$vBN$zpor$31928772
702 #1 $aLuz,$bFátima$4340$31211406
702 #1 $aEmídio,$bJosé,$f1956-$4070$356942
702 #1 $aLeão,$bIsabel Vaz Ponce de,$f1953-$4070$3925962
702 #1 $aLapa,$bMaria Helena Marques Pinto da$4070$31865548
702 #1 $92$aReis,$bTiago$4600$31569035
702 #1 $92$aAlmeida,$bHugo$4600$31315371
712 02 $aÁrvore - Cooperativa de Actividades Artísticas$4340$31910724
801 #0 $aPT$bBN$gRPC
856 41 $uhttp://rnod.bnportugal.gov.pt/ImagesBN/winlibimg.aspx?skey=&doc=2183691&img=198498&save=true
900 ## $aBIBNAC$d20241014
966 ## $lBN$mFGMON$sB.A. 51512 V.$x1
966 ## $lBN$mFGMON$sB.A. 51512 V.-D$x1
971 ## $cabrito$d20240913
972 ## $d20241014$e0$vlrevez$z0
973 ## $ctrodrigues$d20240919

Etiqueta de registo: 00254nam 2200025 450
001 2181756
003 http://id.bnportugal.gov.pt/bib/catbnp/2181756
010 ## $a978-972-9089-66-4
021 ## $aPT$b528100/24
100 ## $a20240904d2024 m y0pory01030103ba
101 0# $apor
102 ## $aPT
105 ## $aa b 000yy
106 ## $ar
200 1# $aDe ferro - Paulo Neves$forg. Árvore - Cooperativa de Actividades Artísticas$fcoord. Fátima Luz$gtextos José Emídio, José Manuel Dias da Fonseca$gfot. Tiago Reis
210 #9 $aPorto$cÁrvore - Cooperativa de Actividades Artísticas,$d2024
215 ## $a37, [2] p.$cil.$d25 cm
675 ## $a730Neves, Paulo(083.82)$vBN$zpor$3858312
675 ## $a739.4.038(=1:469)"19/20"(083.82)$vBN$zpor$31929229
702 #1 $aNeves,$bPaulo,$f1959-$4040$31903763
702 #1 $aLuz,$bFátima$4340$31211406
702 #1 $aEmídio,$bJosé,$f1956-$4070$356942
702 #1 $aFonseca,$bJosé Manuel Dias,$f1957-$4070$31520392
702 #1 $92$aReis,$bTiago$4600$31569035
712 02 $aÁrvore - Cooperativa de Actividades Artísticas$4340$31910724
801 #0 $aPT$bBN$gRPC
856 41 $uhttp://rnod.bnportugal.gov.pt/ImagesBN/winlibimg.aspx?skey=&doc=2181756&img=198753&save=true
900 ## $aBIBNAC$d20241014
966 ## $lBN$mFGMON$pF04390$sB.A. 51549 V.$x1
966 ## $lBN$mFGMON$pF04390$sB.A. 51549 V.-D$x1
971 ## $cjbeatriz$d20240904
972 ## $d20241014$e0$vlrevez$z0
973 ## $ctrodrigues$d20240925

Etiqueta de registo: 00000nkm 2200025 450
001 2256097
003 http://id.bnportugal.gov.pt/bib/catbnp/2256097
100 ## $a20260128d1987 m y0pory01030103ba
101 0# $apor
102 ## $aPT
200 1# $aCiclo Cinema Angolano, 17 a 19 de setembro 87$bVisual gráfico]$fÁrvore - Cooperativa de Actividades Artísticas$gdesign Oficina Árvore
210 #9 $aPorto$cÁrvore - Cooperativa de Actividades Artísticas,$d1987
215 ## $a1 cartaz$ccolor.$d61,5x45 cm
317 ## $aColeção Madeira Luís
675 ## $a766(=1:469)"198"(084.5)$vBN$zpor$31302430
710 02 $aCiclo de Cinema Angolano,$ePorto,$f1987$31981987
712 02 $aÁrvore - Cooperativa de Actividades Artísticas$31910724
801 #0 $aPT$bBN$gRPC
966 ## $lBN$mICONOG$sCT. 18227 A.$x3
971 ## $cCaticonografia7$d20260128
995 ## $aPRR2026 $d20260128$iCaticonografia7

Etiqueta de registo: 00000nkm 2200025 450
001 2261375
003 http://id.bnportugal.gov.pt/bib/catbnp/2261375
100 ## $a20260205f1981 m y0pory01030103ba
101 0# $apor$aeng
102 ## $aPT
200 1# $a The Bradford Centenary Photographic Commission, 'People in textiles' by José Reis$bVisual gráfico]$fÁrvore - Cooperativa de Actividades Artísticas
210 #9 $aPorto$cÁrvore - Cooperativa de Actividades Artísticas,$d[1981?]
215 ## $a1 cartaz$ccolor.$d59,5x42 cm
306 ## $aDatação atribuída em conformidade com o acontecimento anunciado
317 ## $aColeção Madeira Luís
675 ## $a766(=1:469)"198"(084.5)$vBN$zpor$31302430
710 02 $aÁrvore - Cooperativa de Actividades Artísticas$31910724
801 #0 $aPT$bBN$gRPC
966 ## $lBN$mICONOG$sCT. 19684 A.$x3
971 ## $cCaticonografia1$d20260205
995 ## $aPRR2026 $d20260205$iCaticonografia1

Etiqueta de registo: 00000nkm 2200025 450
001 2262552
003 http://id.bnportugal.gov.pt/bib/catbnp/2262552
100 ## $a20260206d1988 m y0pory01030103ba
101 0# $apor
102 ## $aPT
200 1# $a O Nuclear aqui tão perto, Exposição Internacional de Arte Postal, Porto, 2 a 16 de fevereiro de 1988$bVisual gráfico]$fÁrvore
210 #9 $aPorto$cÁrvore,$d1988
215 ## $a1 cartaz$ccolor.$d41x44,8 cm
317 ## $aColeção Madeira Luís
675 ## $a766(=1:469)"1988"(084.5)$vBN$zpor$31811746
710 02 $aÁrvore - Cooperativa de Actividades Artísticas$31910724
801 #0 $aPT$bBN$gRPC
966 ## $lBN$mICONOG$sCT. 19938 A.$x3
971 ## $cCatmusica8$d20260206
995 ## $aPRR2026 $d20260206$iCatmusica8

Etiqueta de registo: 00000nkm 2200025 450
001 2263205
003 http://id.bnportugal.gov.pt/bib/catbnp/2263205
100 ## $a20260209d1987 m y0pory01030103ba
101 0# $apor
102 ## $aPT
200 1# $aMaria Benamor, pintura e desenho, 16 a 28 outubro de 87, Árvore, R. Azevedo de Albuquerque n.º 1 Porto$bVisual gráfico]$fÁrvore - Cooperativa de Actividades Artísticas
210 #9 $aPorto$cÁrvore - Cooperativa de Actividades Artísticas,$d1987
215 ## $a1 cartaz$ccolor.$d36x17,5 cm
317 ## $aColeção Madeira Luís
675 ## $a766(=1:469)"198"(084.5)$vBN$zpor$31302430
710 02 $aÁrvore - Cooperativa de Actividades Artísticas$31910724
801 #0 $aPT$bBN$gRPC
966 ## $lBN$mICONOG$sCT. 5959 P.$x3
971 ## $cCaticonografia6$d20260209
995 ## $aPRR2026 $d20260209$iCaticonografia6

Etiqueta de registo: 00000nkm 2200025 450
001 2266868
003 http://id.bnportugal.gov.pt/bib/catbnp/2266868
100 ## $a20260213d1986 m y0pory01030103ba
101 0# $apor
102 ## $aPT
200 1# $aTomás Taveira, arquitectura, desenhos, objectos$bVisual gráfico]$fÁrvore – Cooperativa de Actividades Artísticas$gDesign Gráfico de João Sarmento
210 #9 $aLisboa$cÁrvore – Cooperativa de Actividades Artísticas,$d1986$e[S.l.]:$gNovotipo)
215 ## $a1 cartaz$ccolor.$d70x50 cm
317 ## $aColeção Madeira Luís
675 ## $a766(=1:469)"198"(084.5)$vBN$zpor$31908448
702 #1 $aSarmento,$bJoão,$f1972-$4410$31416991
710 02 $aÁrvore - Cooperativa de Actividades Artísticas$31910724
801 #0 $aPT$bBN$gRPC
966 ## $lBN$mICONOG$sCT. 21139 A.$x3
971 ## $cCatmusica8$d20260213
995 ## $aPRR2026 $d20260213$iCatmusica8

Etiqueta de registo: 00000nkm 2200025 450
001 2266819
003 http://id.bnportugal.gov.pt/bib/catbnp/2266819
100 ## $a20260213d1993 m y0pory01030103ba
101 0# $apor
102 ## $aPT
200 1# $aConcurso Nacional de Pintura - Prémio Banco Comercial de Macau, Revelações 93$bVisual gráfico]$fÁrvore - Cooperação de Actividades Artísticas$gdesign Humberto Nelson
210 #9 $aPorto$cÁrvore - Cooperação de Actividades Artísticas,$d1993
215 ## $a1 cartaz$ccolor.$d68x48 cm
317 ## $aColeção Madeira Luís
675 ## $a766(=1:469)"1993"(084.5)$vBN$zpor$31980825
702 #1 $aNelson,$bHumberto$4410$331823
710 02 $aÁrvore - Cooperativa de Actividades Artísticas$31910724
711 02 $aBanco Comercial de Macau$3124869
801 #0 $aPT$bBN$gRPC
966 ## $lBN$mICONOG$sCT. 21074 A.$x3
971 ## $cCaticonografia1$d20260213
995 ## $aPRR2026 $d20260213$iCaticonografia1

Etiqueta de registo: 00000nkm 2200025 450
001 2272024
003 http://id.bnportugal.gov.pt/bib/catbnp/2272024
100 ## $a20260225d1981 m y0pory01030103ba
101 0# $apor
102 ## $aPT
200 1# $aGravuras da República Democrática Alemã, tendências dos anos setenta, Porto, abril 1981$bVisual gráfico]$fÁrvore - Cooperativa de Actividades Artísticas
210 #9 $aPorto$cÁrvore - Cooperativa de Actividades Artísticas,$d1981$gTip. A. Coelho Dias, Lda.)
215 ## $a1 cartaz$ccolor.$d65x48 cm
317 ## $aColeção Madeira Luís
675 ## $a766(=1:469)"198"(084.5)$vBN$zpor$31302430
710 02 $aÁrvore - Cooperativa de Actividades Artísticas$31910724
801 #0 $aPT$bBN$gRPC
966 ## $lBN$mICONOG$sCT. 22453 A.$x3
971 ## $cCaticonografia9$d20260225
972 ## $d20260227 $e0$vmferro $z0
995 ## $aPRR2026 $d20260225$iCaticonografia9

Etiqueta de registo: 00000nkm 2200025 450
001 2272013
003 http://id.bnportugal.gov.pt/bib/catbnp/2272013
100 ## $a20260225d1990 m y0pory01030103ba
101 0# $apor
102 ## $aPT
200 1# $aXana, Escultura, Porto, 24 maio -12 junho 90$bVisual gráfico]$fÁrvore - Cooperativa de Atividades Artísticas CRL $gHumberto Nélson
210 #9 $aPorto$cÁrvore - Cooperativa de Atividades Artísticas CRL,$d1990$ePorto$gGrafislab)
215 ## $a1 cartaz$ccolor.$d60x48 cm
317 ## $aColeção Madeira Luís
702 #1 $aNélson,$bHumberto$31987508
710 02 $aÁrvore - Cooperativa de Actividades Artísticas$31910724
801 #0 $aPT$bBN$gRPC
966 ## $lBN$mICONOG$sCT. 22436 A.$x3
971 ## $cCaticonografia2$d20260225
995 ## $aPRR2026 $d20260225$iCaticonografia2

Etiqueta de registo: 00000nkm 2200025 450
001 2271989
003 http://id.bnportugal.gov.pt/bib/catbnp/2271989
100 ## $a20260225d1981 m y0pory01030103ba
101 0# $apor
102 ## $aPT
200 1# $aGravuras, Gil Teixeira Lopes e Sergio Pinhão, 13 - 24 fevereiro 1981$bVisual gráfico]$fÁrvore - Cooperativa de Actividades Artísticas
210 #9 $a[Porto]$cÁrvore - Cooperativa de Actividades Artísticas,$d1981
215 ## $a1 cartaz$ccolor.$d59,5x36,5 cm
317 ## $aColeção Madeira Luís
710 02 $aÁrvore - Cooperativa de Actividades Artísticas$31910724
801 #0 $aPT$bBN$gRPC
966 ## $lBN$mICONOG$sCT. 22408 A.$x3
971 ## $cCaticonografia1$d20260225
995 ## $aPRR2026 $d20260225$iCaticonografia1

Etiqueta de registo: 00000nkm 2200025 450
001 2271775
003 http://id.bnportugal.gov.pt/bib/catbnp/2271775
100 ## $a20260225d1990 m y0pory01030103ba
101 0# $apor
102 ## $aPT
200 1# $aChissano escultura, 1 a 25 fevereiro 90$bVisual gráfico]$fÁrvore - Cooperativa de Actividades Artísticas CRL$gDesign Humberto Nelson
210 #9 $aPorto$cÁrvore - Cooperativa de Actividades Artísticas CLR,$d1990$e[S.l.] :$gMarca Artes Gráficas)
215 ## $a1 cartaz$ccolor.$d61x48 cm
317 ## $aColeção Madeira Luís
702 #1 $aNelson,$bHumberto$331823
710 02 $aÁrvore - Cooperativa de Actividades Artísticas$31910724
801 #0 $aPT$bBN$gRPC
966 ## $lBN$mICONOG$sCT. 22394 A.$x3
971 ## $cCaticonografia9$d20260225
995 ## $aPRR2026 $d20260225$iCaticonografia9

Etiqueta de registo: 00000nkm 2200025 450
001 2271642
003 http://id.bnportugal.gov.pt/bib/catbnp/2271642
100 ## $a20260225d1990 m y0pory01030103ba
101 0# $apor
102 ## $aPT
200 1# $aEm um corpo posto na forja, versão ontológica, Grossavia, C. Guilherme Mesquita, 3 a 22 de maio de 1990$bVisual gráfico]$fÁrvore - Cooperativa de Actividades Artísticas
210 #9 $aPorto$cÁrvore - Cooperativa de Actividades Artísticas,$d1990
215 ## $a1 cartaz$ccolor.$d60x47 cm
317 ## $aColeção Madeira Luís
710 02 $aÁrvore - Cooperativa de Actividades Artísticas$31910724
801 #0 $aPT$bBN$gRPC
966 ## $lBN$mICONOG$sCT. 22380 A.$x3
971 ## $cCaticonografia9$d20260225
995 ## $aPRR2026 $d20260225$iCaticonografia9

Etiqueta de registo: 00000nkm 2200025 450
001 2272527
003 http://id.bnportugal.gov.pt/bib/catbnp/2272527
100 ## $a20260226d1990 m y0pory01030103ba
101 0# $apor
102 ## $aPT
200 1# $a O Lápis - Bicentenário da Invenção, Árvore Cooperativa de Atividades Artísticas CRL, 11-30 abril 90$bVisual gráfico]$fÁrvore Cooperativa de Atividades Artísticas CRL$gHumberto Nélson
210 #9 $a[Porto]$cÁrvore Cooperativa de Atividades Artísticas CRL,$d1990$ePorto :$gGrafislab)
215 ## $a1 cartaz$ccolor.$d59,8x48 cm
317 ## $aColeção Madeira Luís
702 #1 $aNelson,$bHumberto$4410$331823
710 02 $aÁrvore - Cooperativa de Actividades Artísticas$31910724
801 #0 $aPT$bBN$gRPC
966 ## $lBN$mICONOG$sCT. 22478 A.$x3
971 ## $cCaticonografia3$d20260226
995 ## $aPRR2026

Etiqueta de registo: 00000nkm 2200025 450
001 2272427
003 http://id.bnportugal.gov.pt/bib/catbnp/2272427
100 ## $a20260226d1988 m y0pory01030103ba
101 0# $apor
102 ## $aPT
200 1# $aSimpósio internacional de cerâmica Alcobaça, 4-19. VII. 1987, Árvore - Cooperativa de Actividades Artísticas, C.R.L., 8 a 21 - junho - 88$bVisual gráfico]$gDesign: Robin Fior$gPlaca: Suzana Barros$gFotocomposição e impressão: Antunes e Amílcar, Lda.
210 #9 $a[Porto]$cÁrvore - Cooperativa de Actividades Artísticas, C.R.L.,$d1988$e[S.l.] :$gAntunes e Amílcar, Lda.)
215 ## $a1 cartaz frente e verso$ccolor.$d69x43,3 cm
307 ## $aCartaz desdobrável, impresso frente e verso
317 ## $aColeção Madeira Luís
702 #1 $aFior,$bRobin,$f1935-2012$338369
702 #1 $aBarros,$bSuzana$4410$31987625
710 02 $aÁrvore - Cooperativa de Actividades Artísticas$31910724
712 02 $aAntunes e Amílcar, Lda.$31618069
801 #0 $aPT$bBN$gRPC
966 ## $lBN$mICONOG$sCT. 22582 A.$x3
971 ## $cCaticonografia10$d20260226
995 ## $aPRR2026

Etiqueta de registo: 00000nkm 2200025 450
001 2272354
003 http://id.bnportugal.gov.pt/bib/catbnp/2272354
100 ## $a20260226d1989 m y0pory01030103ba
101 0# $apor
102 ## $aPT
200 1# $aHumberto Nelson, design gráfico, João Carqueijeiro, cerâmica, Lino Cabral, pintura, 6 a 18 de setembro de 1989$bVisual gráfico]$fÁrvore - Cooperativa de Actividades Artísticas CRL$gDesign Humberto Nelson (Ofi. Árvore)
210 #9 $aPorto$cÁrvore - Cooperativa de Actividades Artísticas CRL,$d1989$e[Porto] :$gExecução Rocha - artes gráficas, lda.)
215 ## $a1 cartaz$ccolor.$d60x48 cm
317 ## $aColeção Madeira Luís
702 #1 $aNelson,$bHumberto$4410$331823
710 02 $aÁrvore - Cooperativa de Actividades Artísticas$31910724
801 #0 $aPT$bBN$gRPC
966 ## $lBN$mICONOG$sCT. 22553 A.$x3
971 ## $cCaticonografia7$d20260226
995 ## $aPRR2026

Etiqueta de registo: 00000nkm 2200025 450
001 2273362
003 http://id.bnportugal.gov.pt/bib/catbnp/2273362
100 ## $a20260229d1986 m y0pory01030103ba
101 0# $apor
102 ## $aPT
200 1# $aAntónio Leite, "Os seus Temas de Paz", Porto, 5 de Dezembro de 1986$bVisual gráfico]$fÁrvore - Cooperativa de Actividades Artísticas
210 #9 $aPorto$cÁrvore - Cooperativa de Actividades Artísticas,$d1986
215 ## $a1 cartaz$ccolor.$d69x55cm
317 ## $aColeção Madeira Luís
710 02 $aÁrvore - Cooperativa de Actividades Artísticas$31910724
801 #0 $aPT$bBN$gRPC
966 ## $lBN$mICONOG$sCT. 7594 R.$x3
971 ## $cCaticonografia8$d20260227
995 ## $aPRR2026

Etiqueta de registo: 00000nkm 2200025 450
001 2273308
003 http://id.bnportugal.gov.pt/bib/catbnp/2273308
100 ## $a20260227d1980 m y0pory01030103ba
101 0# $apor
102 ## $aPT
200 1# $aDaumier, Porto, 11 a 21 de junho de 1980$bVisual gráfico]
210 #9 $aPorto$cÁrvore - Cooperativa de Actividades Artísticas,$d1980
215 ## $a1 cartaz$ccolor.$d68x48cm
317 ## $aColeção Madeira Luís
710 02 $aÁrvore - Cooperativa de Actividades Artísticas$31910724
801 #0 $aPT$bBN$gRPC
966 ## $lBN$mICONOG$sCT. 7589 R.$x3
971 ## $cCaticonografia8$d20260227
995 ## $aPRR2026

Etiqueta de registo: 00000nkm 2200025 450
001 2272939
003 http://id.bnportugal.gov.pt/bib/catbnp/2272939
100 ## $a20260227d1987 m y0pory01030103ba
101 0# $apor
102 ## $aPT
200 1# $aSaldanha da Gama, Porto, 27 de fevereiro a 11 de março de 1987$bVisual gráfico]$fÁrvore - Cooperativa de Atividades Artísticas, C.R.L.
210 #9 $aPorto$cÁrvore - Cooperativa de Atividades Artísticas, C.R.L.,$d1987
215 ## $a1 cartaz$ccolor.$d50x62cm
317 ## $aColeção Madeira Luís
710 02 $aÁrvore - Cooperativa de Actividades Artísticas$31910724
801 #0 $aPT$bBN$gRPC
966 ## $lBN$mICONOG$sCT. 7577 R.$x3
971 ## $cCaticonografia8$d20260227
995 ## $aPRR2026

Etiqueta de registo: 00000nkm 2200025 450
001 2273298
003 http://id.bnportugal.gov.pt/bib/catbnp/2273298
100 ## $a20260229d1984 m y0pory01030103ba
101 0# $apor
102 ## $aPT
200 1# $aV Exposição Colectiva da Árvore, Porto, 7 a 23 de dezembro de 1984$bVisual gráfico]
210 #9 $aPorto$cÁrvore Cooperativa de Actividades Artísticas,$d1984
215 ## $a1 cartaz$ccolor.$d68x48cm
317 ## $aColeção Madeira Luís
675 ## $a766(=1:469)"198"(084.5)$vBN$zpor$31302430
710 02 $aExposição Colectiva da Árvore,$d5,$ePorto$f1984$31988151
712 02 $aÁrvore - Cooperativa de Actividades Artísticas$4557$31910724
801 #0 $aPT$bBN$gRPC
966 ## $lBN$mICONOG$sCT. 7587 R.$x3
971 ## $cCaticonografia8$d20260227
972 ## $d20260302 $e1$vmferro$z0
995 ## $aPRR2026

Etiqueta de registo: 00000nkm 2200025 450
001 2281585
003 http://id.bnportugal.gov.pt/bib/catbnp/2281585
100 ## $a20260318f19801989m y0pory01030103ba
101 0# $apor
102 ## $aPT
200 1# $aCurso técnico de gravura sobre metal, orientado por Dacos, inscrições até 5 de fevereiro na secretaria da Árvore - Cooperativa de Actividades Artísticas$bVisual gráfico]$fÁrvore - Cooperativa de Actividades Artísticas
210 #9 $a[Porto]$cÁrvore - Cooperativa de Actividades Artísticas,$d[entre 1980 e 1989]
215 ## $a1 cartaz$ccolor.$d42x29,6 cm
306 ## $aDatação em conformidade com as características formais do documento
317 ## $aColeção Madeira Luís
710 02 $aÁrvore - Cooperativa de Actividades Artísticas$31910724
801 #0 $aPT$bBN$gRPC
966 ## $lBN$mICONOG$sCT. 16505 V.$x3
971 ## $cCaticonografia5$d20260318
995 ## $aPRR2026

Etiqueta de registo: 00000nkm 2200025 450
001 2281442
003 http://id.bnportugal.gov.pt/bib/catbnp/2281442
100 ## $a20260318f1995 m y0pory01030103ba
101 0# $apor
102 ## $aPT
200 1# $aOficina de Litografia, Oficina de Gravura, Oficina de Cerâmica$bVisual gráfico]$fÁrvore, Cooperativa de Actividades Artísticas C.R.L.
210 #9 $aPorto$cÁrvore, Cooperativa de Actividades Artísticas C.R.L.,$d[não posterior a 1995]
215 ## $a1 cartaz$cp&b.$d42x29,5 cm
306 ## $aDatação atribuída em conformidade com as características formais do documento
317 ## $aColeção Madeira Luís
710 02 $aÁrvore - Cooperativa de Actividades Artísticas$31910724
801 #0 $aPT$bBN$gRPC
966 ## $lBN$mICONOG$sCT. 16456 V.$x3
971 ## $cCaticonografia9$d20260318
995 ## $aPRR2026

Etiqueta de registo: 00000nkm 2200025 450
001 2281436
003 http://id.bnportugal.gov.pt/bib/catbnp/2281436
100 ## $a20260318f1995 m y0pory01030103ba
101 0# $apor
102 ## $aPT
200 1# $aCurso de cerâmica, Grês e Vidrados por João Carquejeiro, de 17 de fevereiro a 15 de março$bVisual gráfico]$fÁrvore, Cooperativa de Actividades Artísticas C.R.L.
210 #9 $aPorto$cÁrvore, Cooperativa de Actividades Artísticas C.R.L.,$d[não posterior a 1995]
215 ## $a1 cartaz$cp&b.$d42x29,5 cm
306 ## $aDatação atribuída em conformidade com as características formais do documento
317 ## $aColeção Madeira Luís
710 02 $aÁrvore - Cooperativa de Actividades Artísticas$31910724
801 #0 $aPT$bBN$gRPC
966 ## $lBN$mICONOG$sCT. 16455 V.$x3
971 ## $cCaticonografia9$d20260318
995 ## $aPRR2026

Etiqueta de registo: 00000nkm 2200025 450
001 2281430
003 http://id.bnportugal.gov.pt/bib/catbnp/2281430
100 ## $a20260318f1995 m y0pory01030103ba
101 0# $apor
102 ## $aPT
200 1# $aCurso especial de cerâmica, Orientado por: Pimentão, Joaquim José Parreira$bVisual gráfico]$fÁrvore, Cooperativa de Actividades Artísticas C.R.L.
210 #9 $aPorto$cÁrvore, Cooperativa de Actividades Artísticas C.R.L.,$d[não posterior a 1995]
215 ## $a1 cartaz$cp&b.$d42x29,5 cm
306 ## $aDatação atribuída em conformidade com as características formais do documento
317 ## $aColeção Madeira Luís
710 02 $aÁrvore - Cooperativa de Actividades Artísticas$31910724
801 #0 $aPT$bBN$gRPC
966 ## $lBN$mICONOG$sCT. 16454 V.$x3
971 ## $cCaticonografia9$d20260318
995 ## $aPRR2026

Etiqueta de registo: 00000nkm 2200025 450
001 2281358
003 http://id.bnportugal.gov.pt/bib/catbnp/2281358
100 ## $a20260318f19791989m y0pory01030103ba
101 0# $apor
102 ## $aPT
200 1# $aCarmo Vieira, "diálogo com a memória", Alberto Raposo, "registos", fotografia, 17 de outubro a 3 de novembro$bVisual gráfico]$fÁrvore - Cooperativa de Actividades Artísticas, C.R.L.$gCarmo Vieira$gAlberto Raposo
210 #9 $aPorto$cÁrvore - Cooperativa de Actividades Artísticas,$d[entre 1979 e 1989]
215 ## $a1 cartaz$ccolor.$d42x29 cm
306 ## $aDatação atribuída em conformidade com as características formais do documento
317 ## $aColeção Madeira Luís
702 #1 $aVieira,$bCarmo$4600$31992156
702 #1 $aRaposo,$bAlberto$4600$3236087
710 02 $aÁrvore - Cooperativa de Actividades Artísticas$31910724
801 #0 $aPT$bBN$gRPC
966 ## $lBN$mICONOG$sCT. 16528 V.$x3
971 ## $cCaticonografia10$d20260318
995 ## $aPRR2026

OpendataBNP@bnportugal.pt | Mais informação sobre acesso aos dados BNP